|
|
|
|
| LEADER |
00000naa2a2200000 4500 |
| 001 |
431462 |
| 005 |
20231101075403.0 |
| 035 |
|
|
|a (RuTPU)RU\TPU\prd\91591
|
| 035 |
|
|
|a RU\TPU\prd\17641
|
| 090 |
|
|
|a 431462
|
| 100 |
|
|
|a 20101130a2003 k y0rusy50 ca
|
| 101 |
0 |
|
|a rus
|
| 102 |
|
|
|a RU
|
| 200 |
1 |
|
|a Влияние состояния сжатого термоядерного вещества на горение мишеней инерциального синтеза при прямом зажигании коротким импульсом излучения
|f А. А. Андреев, С. Ю. Гуськов, Д. В. Ильин и др.
|
| 225 |
1 |
|
|a Плазма, газы
|
| 320 |
|
|
|a Библиогр.: 22 назв.
|
| 461 |
|
1 |
|0 (RuTPU)RU\TPU\prd\1443
|x 0044-4510
|t Журнал экспериментальной и теоретической физики
|l ЖЭТФ
|f Российская академия наук (РАН) ; Отделение физических наук РАН
|d 1931-
|
| 463 |
|
1 |
|0 (RuTPU)RU\TPU\prd\91580
|t Т. 123, вып. 4
|v с. 787-797
|d 2003
|
| 610 |
1 |
|
|a термоядерное горение
|
| 610 |
1 |
|
|a сжатое состояние
|
| 610 |
1 |
|
|a мишени
|
| 610 |
1 |
|
|a горение
|
| 610 |
1 |
|
|a инерциальный синтез
|
| 610 |
1 |
|
|a импульсное излучение
|
| 610 |
1 |
|
|a прямое зажигание
|
| 610 |
1 |
|
|a плазма
|
| 610 |
1 |
|
|a игниторы
|
| 610 |
1 |
|
|a тепловая энергия
|
| 701 |
|
1 |
|a Андреев
|b А. А.
|
| 701 |
|
1 |
|a Гуськов
|b С. Ю.
|
| 701 |
|
1 |
|a Ильин
|b Д. В.
|
| 701 |
|
1 |
|a Левковский
|b А. А.
|
| 701 |
|
1 |
|a Розанов
|b В. Б.
|
| 701 |
|
1 |
|a Шерман
|b В. Е.
|
| 701 |
|
1 |
|a Выговский
|b О. Б.
|
| 801 |
|
1 |
|a RU
|b 63413507
|c 20030923
|g PSBO
|
| 801 |
|
2 |
|a RU
|b 63413507
|c 20101130
|g RCR
|
| 942 |
|
|
|c BK
|